| 000 | 00317nam a22001217a 4500 | ||
|---|---|---|---|
| 003 | SGT | ||
| 082 |
_a345 _bCLA |
||
| 100 | _aCENTRAL LAW AGENCY | ||
| 245 |
_aTHE BHARATIYA NYAYA SANHITA 2023 _bREPEALING THE INDIAN PENAL CODE 1860 |
||
| 260 |
_aPRAYAGRAJ _bCENTRAL LAW AGENCY _c2024 |
||
| 300 | _a122 | ||
| 942 |
_2ddc _cBK _06 |
||
| 999 |
_c26350 _d26350 |
||